Ecuaciones diferenciales para ingenieria (Registro nro. 5821)

Detalles MARC
001 - NÚMERO DE CONTROL
campo de control 5748
005 - FECHA Y HORA DE LA ÚLTIMA TRANSACCIÓN
campo de control 20260428104509.0
008 - DATOS DE LONGITUD FIJA--INFORMACIÓN GENERAL
campo de control de longitud fija 951013s1994 spa
020 ## - NÚMERO INTERNACIONAL ESTÁNDAR DEL LIBRO
Número Internacional Estándar del Libro 9589392016
035 ## - NÚMERO DE CONTROL DEL SISTEMA
Número de control de sistema 5748
035 ## - NÚMERO DE CONTROL DEL SISTEMA
Número de control de sistema (OCoLC)778162016
040 ## - FUENTE DE LA CATALOGACIÓN
Centro/agencia transcriptor comduadb
041 ## - CÓDIGO DE LENGUA
Código de lengua del texto/banda sonora o título independiente spa
082 #4 - NÚMERO DE LA CLASIFICACIÓN DECIMAL DEWEY
Número de clasificación 515
100 10 - ENTRADA PRINCIPAL--NOMBRE DE PERSONA
Nombre de persona Mercado Cruz, Norman César
Código de función aut
Término indicativo de función/relación Autor/a
9 (RLIN) 639181
245 10 - MENCIÓN DE TÍTULO
Título Ecuaciones diferenciales para ingenieria
260 ## - PUBLICACIÓN, DISTRIBUCIÓN, ETC.
Lugar de publicación, distribución, etc. Medellín :
Nombre del editor, distribuidor, etc. Cooprudea (Cooperativa de Profesores de la Universidad de Antioquia),
Fecha de publicación, distribución, etc. 1994.
300 ## - DESCRIPCIÓN FÍSICA
Extensión 226 páginas
490 0# - MENCIÓN DE SERIE
Mención de serie Ciencia y Tecnica : Fisica ;
Designación de volumen o secuencia 1
650 #7 - PUNTO DE ACCESO ADICIONAL DE MATERIA--TÉRMINO DE MATERIA
Término de materia o nombre geográfico como elemento de entrada Matemáticas para ingenieros
Fuente del encabezamiento o término lemb
9 (RLIN) 42531
650 #7 - PUNTO DE ACCESO ADICIONAL DE MATERIA--TÉRMINO DE MATERIA
Término de materia o nombre geográfico como elemento de entrada Ecuaciones diferenciales lineales
Fuente del encabezamiento o término armarc
9 (RLIN) 10144
942 ## - ELEMENTOS DE ENTRADA AGREGADA (KOHA)
Tipo de ítem Koha Libros
Existencias
Estado de retiro Estado de pérdida Estado dañado No para préstamo Código de colección Localización permanente Ubicación/localización actual Fecha de adquisición Número de inventario Total de préstamos Signatura topográfica completa Código de barras Fecha visto por última vez Número de copia Precio válido a partir de Tipo de ítem Koha Fecha de vencimiento Fecha del último préstamo Fuente de adquisición Coste, precio normal de compra
        Colección General Biblioteca Campus Apartadó Biblioteca Campus Apartadó 04/11/2022 C13328616   515.35 M553 01095194 17/03/2025 10 20/04/2023 Libros     Material adquirido por donación 20000.00
        Colección General Piso 2 Biblioteca Carlos Gaviria Díaz, Campus Medellín Biblioteca Carlos Gaviria Díaz, Campus Medellín 08/04/1999 C6535   515.35 M553 61000001523691 13/11/2024 1 20/04/2023 Libros        
        Colección General Piso 2 Biblioteca Carlos Gaviria Díaz, Campus Medellín Biblioteca Carlos Gaviria Díaz, Campus Medellín 12/03/1998 C228176 1 515.35 M553 e2 61000003771348 19/02/2026 2 20/04/2023 Libros 20/03/2026 19/02/2026    
        Colección General Piso 2 Biblioteca Carlos Gaviria Díaz, Campus Medellín Biblioteca Carlos Gaviria Díaz, Campus Medellín 24/11/1999 C616887   515.35 M553 e3 6-10000003185824 13/11/2024 3 20/04/2023 Libros        
        Colección General Piso 2 Biblioteca Carlos Gaviria Díaz, Campus Medellín Biblioteca Carlos Gaviria Díaz, Campus Medellín 05/10/2000 C657277 1 515.35 M553 e4 61000003862170 07/11/2025 4 20/04/2023 Libros   25/09/2024 Material adquirido por donación  
        Colección General Piso 2 Biblioteca Carlos Gaviria Díaz, Campus Medellín Biblioteca Carlos Gaviria Díaz, Campus Medellín 17/10/2000 C659161   515.35 M553 e5 61000003865132 13/11/2024 5 20/04/2023 Libros     Material adquirido por donación  
        Colección General Piso 2 Biblioteca Carlos Gaviria Díaz, Campus Medellín Biblioteca Carlos Gaviria Díaz, Campus Medellín 17/10/2000 C659162   515.35 M553 e6 61000003865199 13/11/2024 6 20/04/2023 Libros     Material adquirido por donación  
        Colección General Piso 2 Biblioteca Carlos Gaviria Díaz, Campus Medellín Biblioteca Carlos Gaviria Díaz, Campus Medellín 17/10/2000 C659165   515.35 M553 e7 61000003865140 13/11/2024 7 20/04/2023 Libros     Material adquirido por donación  
        Colección General Piso 2 Biblioteca Carlos Gaviria Díaz, Campus Medellín Biblioteca Carlos Gaviria Díaz, Campus Medellín 05/08/2004 C833839 1 515.35 M553 e8 61000004938065 21/05/2025 8 20/04/2023 Libros   09/04/2025 Material adquirido por donación  
        Colección General Piso 2 Biblioteca Carlos Gaviria Díaz, Campus Medellín Biblioteca Carlos Gaviria Díaz, Campus Medellín 31/08/2006 C918229 1 515.35 M553 e9 61000004281277 22/04/2025 9 20/04/2023 Libros   06/03/2025 Material pagado con consignación